MARC

LEADER 00000nam0a2200000 4500
001 271845
005 20231101234456.0
020 |a RU  |b 87-53654 
035 |a (RuTPU)RU\TPU\book\295048 
090 |a 271845 
100 |a 20141013d1987 k y0rusy5003 ca 
101 0 |a rus 
102 |a UA 
105 |a a z 001zy 
200 1 |a Геология шельфа УССР. Тектоника  |e монография  |f Академия наук Украинской ССР (АН УССР), Институт геофизики (ИГФ) ; под ред. В. Б. Соллогуба 
210 |a Киев  |c Наукова думка  |d 1987 
215 |a 151 с.  |c ил.  |e Прил. (1 л. схем) 
300 |a Авт. указаны на обороте тит. л. 
320 |a Библиогр.: с. 146-150 (137 назв.) 
606 1 |a Шельфы  |x Геология  |2 stltpush  |3 (RuTPU)RU\TPU\subj\19144  |9 44446 
606 1 |a Шельфы  |x Тектоника  |2 stltpush  |3 (RuTPU)RU\TPU\subj\19147  |9 44449 
610 1 |a геология 
610 1 |a Украина 
610 1 |a тектоническое положение 
610 1 |a Азово-Черноморский бассейн 
610 1 |a геофизические поля 
610 1 |a литосфера 
610 1 |a консолидированная кора 
610 1 |a глубинные разломы 
610 1 |a осадочные чехлы 
610 1 |a тектоническое районирование 
610 1 |a история 
610 1 |a геологическое развитие 
610 1 |a Черноморская впадина 
610 1 |a Восточно-Европейская платформа 
610 1 |a монографии 
675 |a 551.351  |v 4 
675 |a 551.242.5.056  |v 4 
702 1 |a Соллогуб  |b В. Б.  |g Всеволод Борисович  |4 340 
712 0 2 |a Академия наук Украинской ССР (АН УССР)  |b Институт геофизики (ИГФ)  |c (Киев)  |2 stltpush  |3 (RuTPU)RU\TPU\col\13865 
801 0 |a RU  |b RuMRKP  |c 19960705  |g psbo 
801 1 |a RU  |b 63413507  |c 20141013 
801 2 |a RU  |b 63413507  |c 20170314  |g RCR 
942 |c BK